书目信息 |
| 题名: |
高等师范院校人体及动物生理学教学大纲
|
|
| 作者: | ||
| 分册: | ||
| 出版信息: | 北京 人民教育出版社 1980 |
|
| 页数: | 24页 | |
| 开本: | 26cm | |
| 丛书名: | ||
| 单 册: | ||
| 中图分类: | Q4 | |
| 科图分类: | ||
| 主题词: | 生理学--高等学校 | |
| 电子资源: | ||
| ISBN: | ||
| 000 | 00688nam0 2200229 45 | |
| 001 | 020000009247 | |
| 005 | 20070618094626.06 | |
| 010 | @dCNY0.06 | |
| 091 | @a7012.0331 | |
| 100 | @a20040420e1980 ekmy0chiy0120 ea | |
| 101 | 0 | @achi |
| 102 | @aCN@b110000 | |
| 102 | @aCN@b110000 | |
| 105 | @aak z 001yy | |
| 200 | 1 | @a高等师范院校人体及动物生理学教学大纲@Agao deng shi fan yuan xiao ren ti ji dong wu sheng li xue jiao xue da gang@FWang Fen,Zuo Ming Xue Zhu Bian |
| 210 | @a北京@c人民教育出版社@d1980@h1981 | |
| 215 | @a24页@d26cm | |
| 300 | @a供生物专业试用 | |
| 606 | 0 | @a生理学@x高等学校 |
| 690 | @aQ4@v4 | |
| 801 | 0 | @aCN@bCXYBOOK@c20070618 |
| 905 | @f5@b358273-277@dQ4@e22 | |
| 高等师范院校人体及动物生理学教学大纲.-北京:人民教育出版社,1980(1981) |
| 24页;26cm |
| 供生物专业试用 |
| ISBN :CNY0.06 |
| ● |
| 相关链接 |
|
|
|
|
正题名:高等师范院校人体及动物生理学教学大纲
索取号:Q4/22
 
预约/预借
| 序号 | 登录号 | 条形码 | 馆藏地/架位号 | 状态 | 备注 |
| 1 | 0652927 | 206529274 | 第二样本阅览室/ [索取号:Q4/22] | 在馆 |